000
00336 a2200157 4500
001
57057
020
_a
9788526013858
040
_c
Anchieta - Pituba
100
_a
Machado, Ana Maria
240
1
0
_a
Amigo é comigo
_l
por
245
1
0
_a
Amigo é comigo
300
_a
134
362
0
_a
2009
650
4
_a
Literatura juvenil
942
_c
BK
999
_c
57057
_d
57057